El dibujo infantil
שמור ב:
| מחבר ראשי: | |
|---|---|
| פורמט: | ספר |
| שפה: | ספרדית |
| יצא לאור: |
Madrid
Morata
1979
|
| מהדורה: | 1a. ed |
| סדרה: | Colección Psicología. Serie el Desarrollo en el Niño
|
| נושאים: | |
| תגים: |
הוספת תג
אין תגיות, היה/י הראשונ/ה לתייג את הרשומה!
|
MARC
| LEADER | 00000cam a2200000 a 4500 | ||
|---|---|---|---|
| 001 | UCW5705 | ||
| 003 | CL-VaPUC | ||
| 008 | 910729e19790000SP |||||||||||||||||spa|d | ||
| 020 | |a 8471121220 | ||
| 082 | 0 | 4 | |a 152.3845 |b GOO |2 21 |
| 100 | |a Goodnow, Jacqueline Jarrett |e author |9 464884 | ||
| 245 | 1 | 3 | |a El dibujo infantil |
| 250 | |a 1a. ed | ||
| 300 | |a 215 p | ||
| 942 | |c BK | ||
| 945 | |d 19910729 00:00:00 | ||
| 260 | |a Madrid |b Morata |c 1979 | ||
| 650 | 0 | |a Aptitud creadora |9 307292 | |
| 650 | 0 | |a Psicología del niño |9 307305 | |
| 583 | |a last modification |c 20130106 11:07:42 |k Rodrigo Vera | ||
| 490 | 0 | |a Colección Psicología. Serie el Desarrollo en el Niño | |
| 999 | |c 219048 |d 219046 | ||
| 952 | |0 0 |1 0 |4 0 |6 152_384500000000000_GOO_1979 |7 0 |8 A |9 209514 |a BIBEDU |b BIBEDU |d 2019-11-15 |i 2773953 |o 152.3845 GOO 1979 |p 2773953 |r 2019-11-15 |w 2019-11-15 |y BK |k EDU | ||
| 952 | |0 0 |1 0 |4 0 |6 152_384500000000000_GOO_1979 |7 0 |8 A |9 209515 |a BIBEDU |b BIBEDU |d 2019-11-15 |i 2773961 |o 152.3845 GOO 1979 |p 2773961 |r 2019-11-15 |w 2019-11-15 |y BK |k EDU | ||
| 952 | |0 0 |1 0 |4 0 |6 152_384500000000000_GOO_1979 |7 0 |8 A |9 209516 |a BIBEDU |b BIBEDU |d 2019-11-15 |i 4716175 |o 152.3845 GOO 1979 |p 4716175 |r 2019-11-15 |w 2019-11-15 |y BK |k PAR | ||
| 952 | |0 0 |1 0 |4 0 |6 152_384500000000000_GOO_1979 |7 0 |8 A |9 209517 |a BIBEDU |b BIBEDU |d 2019-11-15 |i 4716183 |o 152.3845 GOO 1979 |p 4716183 |r 2025-04-03 |w 2019-11-15 |y BK |k PAR | ||
| 952 | |0 0 |1 0 |4 0 |6 152_384500000000000_GOO_1979 |7 0 |8 A |9 209518 |a BIBEDU |b BIBEDU |d 2019-11-15 |i 4716191 |l 1 |o 152.3845 GOO 1979 |p 4716191 |r 2022-04-01 |s 2022-03-28 |w 2019-11-15 |y BK |k PAR | ||